Tous les cantons de l'Allier sur une carte - Statistiques

Statistiques générales
  • Ce quiz a été pris 209 fois
  • Le résultat moyen est 13 sur 19
Réponses sur la Carte
Les réponses sont colorées sur une échelle allant du rouge au vert en fonction du pourcentage des utilisateurs qui les ont devinées à leur premier essai. Vous pouvez retrouver ces pourcentages ci-dessous.
 
Statistiques - réponses
Canton % Correct
Moulins-1
100%
Moulins-2
100%
Vichy-1
100%
Vichy-2
100%
Montluçon-1
99%
Montluçon-2
99%
Montluçon-3
99%
Montluçon-4
99%
Gannat
59%
Saint-Pourçain-sur-Sioule
54%
Cusset
48%
Yzeure
47%
Bourbon-l'Archambault
43%
Bellerive-sur-Allier
42%
Dompierre-sur-Besbre
42%
Lapalisse
42%
Commentry
41%
Huriel
28%
Souvigny
28%
Aucun quiz correspondant
Distribution des résultats
% des personnes avec chaque résultat
Percentile par nombre de réponses
Votre historique - résultats
Vous n’avez pas pris ce quiz